00445 2200169 4500001002100000005001500021035002000036245007900056100001800135300002600153260002800179082000800207084001400215020002200229990001200251990001200263INLIS00000000000313420251022015741 a0010-10250000381 aCinta Para Penghuni Surga ( Sebuah Cinta Yang Universal ) /cKahlil Gibran0 aKahlil Gibran a180 hlm ;c13 x 19 cm aJakarta :bZettu,c2012 a813 a813 KAH c a978-602-7735-03-3 a0755921 a0755922